| 000 | 00912nam a2200253 i 4500 | ||
|---|---|---|---|
| 001 | 90160 | ||
| 003 | ES-MaACL | ||
| 005 | 20250804062738.0 | ||
| 007 | t| | ||
| 008 | 050119s1979 sp ||||1| spa d | ||
| 245 | 0 | 3 |
_aLa lechuza de Minerva : _b¿que es filosofía? / _cK.R. Popper [et al.] ; compilación e introducción de Charles J. Bontempo y S. Jack Odell ; [traducción del inglés de Carmen García-Trevijano et al.]. |
| 260 |
_aMadrid : _bCátedra, _c[1979] |
||
| 300 |
_a264 p. ; _c21 cm. |
||
| 490 | 1 | _aTeorema. Serie mayor | |
| 504 | _aBibliografía: p. 263-264. | ||
| 650 | 0 | 7 |
_aFilosofía _2embne _912802 |
| 700 | 1 |
_aBontempo, Charles J. _930309 |
|
| 700 | 1 |
_aOdell, S. Jack. _986519 |
|
| 700 | 1 |
_aGarcía Trevijano, Carmen. _955342 |
|
| 700 | 1 |
_aPopper, Karl Raimund. _993108 |
|
| 830 | 0 |
_aTeorema. Serie mayor _9177809 |
|
| 852 |
_aES-MaACL _jA-10624 _bR.99644 |
||
| 999 |
_c90160 _d90160 |
||